000 00438nam a2200193Ia 4500
003 0STCL
005 20240206203458.0
008 150530s9999 xx 000 0 und d
040 _aSTCL
_cSTCL
100 _aAlice Walker
245 4 _aThe Color Purple
246 _aThe Colour Purple
250 _a1
260 _bPhoneix Books; Chicago
_c2004
_aChicago
300 _a0
546 _aEnglish
942 _2ddc
_cBK
999 _c50119
_d50119